000 00451cam a2200145ua 4500
003 OSt
008 240321b |||||||| |||| 00| 0 eng d
041 _aeng
082 _a670
_bHMT/PR
245 _aProduction technology /
260 _aNew Delhi :
_bTata Mc-Graw Hill Publishing Company ,
_c1978.
300 _a870 ; .
650 _aMetal cutting; Turning; Boring; Planing; Shaping; Drilling; Trepanning; Reaming; Tool standards
_96161
942 _cBK
999 _c12133
_d12133